000 01688cam a22004334i 4500
003 PE-LiUPU
005 20250731184549.0
008 150625s r 000 0 d
035 _a(Sirsi) a33277
040 _aPE-LiUPU
_bspa
_cPE-LiUPU
_erda
082 0 4 _a985.061
_bL35
_221
100 1 _aLecaros, Fernando,
_eautor.
245 1 3 _aLa guerra con Chile en sus documentos.
264 1 _aLima :
_bRikchay Perú,
_c1979.
336 _atext
_2rdacontent
337 _aunmediated
_2rdamedia
338 _avolume
_2rdacarrier
505 0 _aAntecedentes y declaratoria de la guerra. - Campaña naval y Grau. - El viaje de Prado y la dictadura de Piérola. - La campaña del ejército regular y Bolognesi. - La defensa de Lima y las milicias urbanas. - La resistencia de las guerrillas andinas. Cáceres. - Las negociaciones de paz, la intervención imperialista y el tratado de Ancón.
526 _aP136
526 _aP135
526 _aP134
526 _aP133
526 _aP144
526 _aP143
526 _aP87
526 _aP35
526 _aP20
526 _aP14
526 _aP10
526 _aP06
650 0 4 _aGuerra del Pacífico, 1879-1884
_z-Perú
_v-Documentos.
650 0 4 _aPerú$x-Historia
_y-1879-1884
_v-Documentos.
910 _a
942 _2ddc
_cBOOK
949 _a985.061 L35
_wDEWEY
_c1
_i19222
_lCCODEBUL1
_mBUL
_p00.00
_r0
_sY
_tBOOK
_u2015-06-25
_xBIBLIOTECA
_zUNKNOWN
_0COMPRA
_o.STAFF. Colección General
596 _a1
999 _a985.061 L35
_wDEWEY
_c41007
_i19222
_f2021-11-8
_g5
_lCCODEBUL1
_mBUL
_r0
_sY
_tBOOK
_u2015-6-25
_xBIBLIOTECA
_zUNKNOWN
_0COMPRA
_o.STAFF. Colección General
_d41007
980 _81
_gALBERTO SANCHEZ Responsable de Automatización